000 01543nam a2200361 a 4500
001 ebr10150136
003 CaPaEBR
006 m u
007 cr cn|||||||||
008 040413s2005 njua sb 001 0 eng
010 _z 2004008245
020 _z0813535158 (hardcover : alk. paper)
040 _aCaPaEBR
_cCaPaEBR
035 _a(OCoLC)182530307
043 _an-us---
050 1 4 _aQ225
_b.N335 2005eb
082 0 4 _a791.1
_222
100 1 _aNadis, Fred,
_d1957-
245 1 0 _aWonder shows
_h[electronic resource] :
_bperforming science, magic, and religion in America /
_cFred Nadis.
260 _aNew Brunswick, N.J. :
_bRutgers University Press,
_cc2005.
300 _axiv, 318 p. :
_bill.
504 _aIncludes bibliographical references and index.
533 _aElectronic reproduction.
_bPalo Alto, Calif. :
_cebrary,
_d2013.
_nAvailable via World Wide Web.
_nAccess may be limited to ebrary affiliated libraries.
650 0 _aScience news
_zUnited States
_xHistory
_y19th century.
650 0 _aScience news
_zUnited States
_xHistory
_y20th century.
650 0 _aMagic shows
_zUnited States
_xHistory
_y19th century.
650 0 _aMagic shows
_zUnited States
_xHistory
_y20th century.
650 0 _aRevivals
_zUnited States
_xHistory
_y19th century.
650 0 _aRevivals
_zUnited States
_xHistory
_y20th century.
655 7 _aElectronic books.
_2local
710 2 _aebrary, Inc.
856 4 0 _uhttp://site.ebrary.com/lib/rucke/Doc?id=10150136
_zAn electronic book accessible through the World Wide Web; click to view
999 _c202773
_d202773